000 00624nam a2200181Ia 4500
008 090123s9999 xx 000 0 und d
082 _b42838
100 _aबोर्जेस जॉन्सन
245 _aअर्थशास्त्रीय सिद्धांत
250 _a1
260 _c2008
300 _a187
600 _aबोर्जेस जॉन्सन
630 _aअर्थशास्त्रीय सिद्धांत
700 _aबोर्जेस जॉन्सन
730 _aअर्थशास्त्रीय सिद्धांत
942 _cBOOK
999 _c80909
_d80909